• 首页
  • 本馆介绍
  • 公告通知
  • 最新文献
  • 馆藏检索
  • 电子资源
  • 读者导购
  • 参考咨询
  • 我的图书馆
  • 登录
  • 详细信息显示
  • 放入我的书架
  • 预约/预借图书
  • 作者相关作品
  • 分类相关作品
  • 丛书相关作品
  • 出版社相关作品

书目信息

  • 表格格式
  • 工作单格式
  • 卡片格式
题名:
社会主义体格工作
    
 
作者: 杨宏道 编
分册:  
出版信息: 北京   中国财政经济出版社  1983
页数: 248页
开本: 20cm
丛书名:
单 册:
中图分类: F045.3
科图分类:
主题词: 社会主义社会--生产方式
电子资源:
ISBN:
000 00574nam0 2200205 450
001 0652433546
005 20061025143547.43
010    @dCNY0.85
100    @a20061025d1983 km y0chiy0120 ea
101 0  @achi
102    @aCN@b110000
102    @aCN@b110000
200 1  @a社会主义体格工作@Ashe hui zhu yi ti ge gong zuo@f杨宏道编@Fyang hong dao bian
210    @a北京@c中国财政经济出版社@d1983
215    @a248页@d20cm
606 0  @a社会主义社会@x生产方式
690    @aF045.3@v3
701  0 @a杨宏道@Ayang hong dao@4编
801  0 @aCN@bPFT@c20061025
905    @a10447@dF045.3@e38
    
    社会主义体格工作/杨宏道编.-北京:中国财政经济出版社,1983
    248页;20cm
    
    
    ISBN :CNY0.85
    
●
相关链接 在E读中查询图书 在五车中查询图书 在当当中查询图书 在豆瓣中查询图书


正题名:社会主义体格工作     索取号:F045.3/38         预约/预借

序号 登录号 条形码 馆藏地/架位号 状态 备注
1 0105725   000192204   第一样本阅览室/ [索取号:F045.3/38] 在馆    
唐山师范学院图书馆 欢迎您!
大连网信软件有限公司© 版权所有